000
00296nam a22001097a 4500
008
150916b xxu||||| |||| 00| 0 eng d
020
_a
0151307482
082
_a
330.9759 NOL
100
_a
NOLAN,D
245
_a
FIFTY FEET IN PARADISE
260
_a
NEW YORK;
_b
HARCOURT BRACE JOVANOVICH,PUBLISHERS
_c
1984.
999
_c
3068
_d
3068